000 00262nam a22001217a 4500
040 _c338
082 _a338 ROB 1994 C083
100 _aROBERT CASSEN
245 _aDoes aid work
260 _aPhnom Penh
_bROB
_c1994
300 _a317p.
_bill.
_c29cm.
942 _cEK
999 _c11067
_d11067